The silver cow. (Record no. 110359)
[ view plain ]
| 000 -LEADER | |
|---|---|
| fixed length control field | 00390nam a2200157 a 4500 |
| 001 - CONTROL NUMBER | |
| control field | 2775 |
| 005 - DATE AND TIME OF LATEST TRANSACTION | |
| control field | 20140414131854.0 |
| 008 - FIXED-LENGTH DATA ELEMENTS--GENERAL INFORMATION | |
| fixed length control field | 050928s19uu xx 00 eng d |
| 020 ## - INTERNATIONAL STANDARD BOOK NUMBER | |
| International Standard Book Number | 0-689-71512-9 |
| 050 ## - LIBRARY OF CONGRESS CALL NUMBER | |
| Classification number | M 398.2 |
| Item number | C63 1983 |
| 100 ## - MAIN ENTRY--PERSONAL NAME | |
| Personal name | Susan Cooper |
| 245 ## - TITLE STATEMENT | |
| Title | The silver cow. |
| 260 ## - PUBLICATION, DISTRIBUTION, ETC. (IMPRINT) | |
| Place of publication, distribution, etc | New York : |
| Name of publisher, distributor, etc | Aladdin Books, |
| Date of publication, distribution, etc | 1983. |
| 300 ## - PHYSICAL DESCRIPTION | |
| Extent | 1 v. p. : ill. ; cm. |
| Withdrawn status | Lost status | Damaged status | Home library | Current library | Shelving location | Date acquired | Source of acquisition | Total Checkouts | Full call number | Barcode | Date last seen | Price effective from | Koha item type |
|---|---|---|---|---|---|---|---|---|---|---|---|---|---|
| Munich Library | Munich Library | Main Section | 09/28/2005 | M 398.2 C63 1983 | M0746 | 04/14/2014 | 04/14/2014 | Books |